00720 2200193 4500001002100000005001700021008004100038035002400079082001100103090002000114100002500134245010900159260011300268300003900381500004000420504002600460650002200486990001800508YOGYA-0113000000106020130116132826.0 ind  0010-011300000001060 a338.62 aSk 338.62 Est S aESTI KUSTRIWISMAWATI aStudi kelayakan Perusahaan Daerah Air Minum Kabupaten Kulon Progo tahun 1994-1998/cEsti Kustriwismawati aYogyakarta :bJurusan Ilmu Ekonomi dan studi Pembangunan FAkultas ekonomi Universitas Wangsa Manggala,c2001 a56,(16)lbr. :bilus., lamp.c29 cm aSkripsi Universitas Wangsa Manggala aBibliografi :(lbr.57) aPerusahaan daerah a42875-PD/A.12